Caricamento...
The language of biotechnology: a dictionary of terms
| Autore principale: | |
|---|---|
| Altri autori: | |
| Natura: | Printed Book |
| Lingua: | English |
| Pubblicazione: |
Washington
American
|
| LEADER | 00502nam a22001457a 4500 | ||
|---|---|---|---|
| 005 | 20151026130029.0 | ||
| 008 | 090819t xxu||||| |||| 00| 0 eng d | ||
| 080 | |a 57:6(038) |b WAL | ||
| 100 | |a Walker, John M. |9 2932 | ||
| 245 | |a The language of biotechnology: |b a dictionary of terms | ||
| 700 | |a Cox, Michael |9 2934 | ||
| 942 | |c REF |6 _ | ||
| 260 | |a Washington |b American |9 2933 | ||
| 999 | |c 1324 |d 1324 | ||
| 952 | |0 0 |1 0 |2 udc |4 0 |6 576038_WAL |7 0 |9 4723 |a UL |b UL |d 2009-08-19 |o 57:6(038) WAL |p G0004649 |r 2009-08-19 |w 2009-08-19 |y REF | ||